| 000 | 01362nam a2200349Ia 4500 | ||
|---|---|---|---|
| 001 | ebr10061031 | ||
| 003 | CaPaEBR | ||
| 006 | m u | ||
| 007 | cr cn||||||||| | ||
| 008 | 890616s1990 enk sb 001 0 eng d | ||
| 010 | _z 89010475 | ||
| 020 | _z0203405846 | ||
| 020 | _z0415037247 | ||
| 020 | _z0415037255 (pbk.) | ||
| 040 |
_aCaPaEBR _cCaPaEBR |
||
| 035 | _a(OCoLC)51023323 | ||
| 050 | 1 | 4 |
_aHV6046 _b.W67 1990eb |
| 100 | 1 | _aWorrall, Anne. | |
| 245 | 1 | 0 |
_aOffending women _h[electronic resource] : _bfemale lawbreakers and the criminal justice system / _cAnne Worrall. |
| 260 |
_aLondon ; _aNew York : _bRoutledge, _c1990. |
||
| 300 | _aix, 189 p. | ||
| 490 | 1 | _aSociology of law and crime | |
| 504 | _aIncludes bibliography and index. | ||
| 533 |
_aElectronic reproduction. _bPalo Alto, Calif. : _cebrary, _d2009. _nAvailable via World Wide Web. _nAccess may be limited to ebrary affiliated libraries. |
||
| 650 | 0 |
_aFemale offenders _zGreat Britain. |
|
| 650 | 0 |
_aDeviant behavior _xLabeling theory. |
|
| 650 | 0 |
_aSex discrimination in criminal justice administration _zGreat Britain. |
|
| 655 | 7 |
_aElectronic books. _2local |
|
| 710 | 2 | _aebrary, Inc. | |
| 830 | 0 | _aSociology of law and crime. | |
| 856 | 4 | 0 |
_uhttp://site.ebrary.com/lib/rucke/Doc?id=10061031 _zAn electronic book accessible through the World Wide Web; click to view |
| 999 |
_c46634 _d46634 |
||